[Event "Oberliga Ost-B 1920"]
[Site "Germany"]
[Date "2020.03.01"]
[Round "9.5"]
[White "Schaack, Harry"]
[Black "Ahmed, Daniel"]
[Result "1-0"]
[WhiteElo "2189"]
[BlackElo "1923"]
[PlyCount "41"]
[EventDate "2019.09.29"]
[EventType "team-tourn"]
[EventRounds "11"]
[EventCountry "GER"]
[SourceTitle "EXT 2023"]
[Source "ChessBase"]
[SourceDate "2022.10.05"]
[SourceVersion "1"]
[SourceVersionDate "2022.10.05"]
[SourceQuality "1"]
[WhiteTeam "Schoeneck"]
[BlackTeam "Liebschwitz"]
[WhiteTeamCountry "GER"]
[BlackTeamCountry "GER"]

1. e4 d5 2. exd5 Qxd5 3. Nc3 Qd8 4. d4 Nf6 5. Nf3 g6 6. Bc4 Bg7 7. Bf4 0-0 8. Qd2 a6 9. a4 Nc6 10. h3 Bf5 11. 0-0 Nb4 12. Bb3 c5 13. dxc5 Qxd2 14. Bxd2 Bxc2 15. Bxc2 Nxc2 16. Rac1 Nb4 17. Ne2 Nd3 18. Rc3 Nxb2 19. Rb1 Nxa4 20. Rc4 b5 21. cxb6 1-0

[Event "Oberliga Ost-B 1920"]
[Site "Germany"]
[Date "2020.01.19"]
[Round "7.5"]
[White "Siebarth, Marco"]
[Black "Ahmed, Daniel"]
[Result "1-0"]
[WhiteElo "2018"]
[BlackElo "1923"]
[PlyCount "41"]
[EventDate "2019.09.29"]
[EventType "team-tourn"]
[EventRounds "11"]
[EventCountry "GER"]
[SourceTitle "EXT 2021"]
[Source "ChessBase"]
[SourceDate "2020.10.23"]
[SourceVersion "1"]
[SourceVersionDate "2020.10.23"]
[SourceQuality "1"]
[WhiteTeam "Stadtilm Blau Weiss"]
[BlackTeam "Liebschwitz"]
[WhiteTeamCountry "GER"]
[BlackTeamCountry "GER"]

1. e4 d5 2. exd5 Qxd5 3. Nc3 Qd8 4. d4 c6 5. Nf3 Nf6 6. Bc4 Bf5 7. Ne5 e6 8. g4 Be4 9. Nxe4 Nxe4 10. Qd3 Nd6 11. Bb3 Nd7 12. Bd2 Nb5 13. Nxd7 Qxd7 14. Be3 0-0-0 15. 0-0-0 Nc7 16. c4 Na6 17. Qe2 Qc7 18. Kb1 Bd6 19. h3 Rhe8 20. Qf3 Kb8 21. c5 1-0